[Event "ENCI Limburg-open C"]
[Site "Maastricht"]
[Date "2011.06.12"]
[Round "4"]
[White "Krug, Franz Dieter"]
[Black "Gulikers, Ruud"]
[Result "1/2-1/2"]
[WhiteElo "1411"]
[BlackElo "1631"]
[PlyCount "46"]
[EventDate "2011.06.10"]
[EventType "swiss"]
[EventRounds "7"]
[EventCountry "NED"]
[Source "P.Boonen"]
[SourceDate "2012.01.01"]

1. d4 g6 2. c4 Bg7 3. Nc3 c5 4. Nf3 cxd4 5. Nxd4 Nc6 6. e3 Nf6 7. Be2 O-O 8.
O-O d5 9. a3 e5 10. Nxc6 bxc6 11. cxd5 Nxd5 12. Nxd5 cxd5 13. Qb3 Be6 14. Qa4
e4 15. Rd1 Be5 16. Rb1 Qd6 17. h3 Rfc8 18. Bd2 Bd7 19. Qb4 Qf6 20. Bc3 Bxc3 21.
bxc3 Qxc3 22. Qxc3 Rxc3 23. Rxd5 Be6 1/2-1/2

[Event "ENCI Limburg-open C"]
[Site "Maastricht"]
[Date "2011.06.12"]
[Round "4"]
[White "Lennartz, Ludwig"]
[Black "Klokgieters, Dick"]
[Result "1-0"]
[WhiteElo "1626"]
[BlackElo "1522"]
[PlyCount "75"]
[EventDate "2011.06.10"]
[EventType "swiss"]
[EventRounds "7"]
[EventCountry "NED"]
[Source "P.Boonen"]
[SourceDate "2012.01.01"]

1. e4 e5 2. Nf3 Nc6 3. Bc4 Bc5 4. b4 Bxb4 5. c3 Be7 6. Qb3 Na5 7. Bxf7+ Kf8 8.
Qa4 Nc6 9. Bb3 Qe8 10. d4 d6 11. d5 Nd8 12. Qc4 c5 13. O-O Bd7 14. Qe2 h6 15.
Ne1 b5 16. f4 exf4 17. Bxf4 Nf7 18. Bc2 b4 19. c4 Nf6 20. Nd2 Bg4 21. Qf2 Ne5
22. Bxe5 dxe5 23. Nef3 Bd6 24. h3 Bh5 25. Nh4 Kg8 26. Nf5 Qd7 27. Nxg7 Kxg7 28.
Qxf6+ Kg8 29. Bd1 Bxd1 30. Raxd1 Rf8 31. Qg6+ Qg7 32. Qxd6 Kh7 33. Rxf8 Rxf8
34. Rf1 Rg8 35. Rf2 Qg3 36. Qe6 Qc3 37. Rf7+ Rg7 38. Qf5+ 1-0

[Event "ENCI Limburg-open C"]
[Site "Maastricht"]
[Date "2011.06.12"]
[Round "4"]
[White "Liston, Mike"]
[Black "De Lange, Gerard"]
[Result "0-1"]
[WhiteElo "1667"]
[BlackElo "1599"]
[PlyCount "82"]
[EventDate "2011.06.10"]
[EventType "swiss"]
[EventRounds "7"]
[EventCountry "NED"]
[Source "P.Boonen"]
[SourceDate "2012.01.01"]

1. e4 c5 2. Nf3 Nc6 3. Bb5 a6 4. Bxc6 bxc6 5. c4 g6 6. Nc3 Bg7 7. O-O e6 8. d3
Ne7 9. Be3 d6 10. Rb1 e5 11. h3 O-O 12. Qd2 f5 13. exf5 Nxf5 14. Ne4 Nxe3 15.
Qxe3 Rf4 16. Kh2 Qf8 17. b4 cxb4 18. Rxb4 d5 19. Rb6 dxe4 20. dxe4 c5 21. Rc6
Bb7 22. Rxc5 Rxe4 23. Qa3 Rxc4 24. Ra5 Qf4+ 25. Kg1 e4 26. Qe7 Rc7 27. Qe6+ Kh8
28. Ng5 Rf8 29. g3 Qd2 30. Re5 Bc8 31. Qd5 e3 32. Qxd2 exd2 33. Rd5 Rd7 34.
Rxd7 Bxd7 35. Ne4 Bxh3 36. Rd1 Rd8 37. f3 Bf5 38. Rxd2 Rxd2 39. Nxd2 Kg8 40.
Kf2 Kf7 41. g4 Be6 0-1

[Event "ENCI Limburg-open C"]
[Site "Maastricht"]
[Date "2011.06.12"]
[Round "4"]
[White "Mohr, Markus"]
[Black "Buis, Jan"]
[Result "1/2-1/2"]
[WhiteElo "1597"]
[BlackElo "1509"]
[PlyCount "90"]
[EventDate "2011.06.10"]
[EventType "swiss"]
[EventRounds "7"]
[EventCountry "NED"]
[Source "P.Boonen"]
[SourceDate "2012.01.01"]

1. e4 c6 2. d4 d5 3. exd5 cxd5 4. Bd3 Nf6 5. c3 e6 6. Bf4 a6 7. Nd2 Bd6 8. Bxd6
Qxd6 9. Ngf3 Nbd7 10. O-O O-O 11. Re1 Qc7 12. Ne5 b5 13. Ndf3 Bb7 14. Nxd7 Nxd7
15. Re3 g6 16. a3 Kg7 17. Ne5 Nxe5 18. Rxe5 Qd8 19. Qb3 Qc7 20. a4 Bc6 21. axb5
Bxb5 22. Qc2 Rfc8 23. Ree1 Bxd3 24. Qxd3 Qc4 25. Qxc4 Rxc4 26. Kf1 a5 27. Ke2
a4 28. Kd3 Rcc8 29. Ra2 Rcb8 30. Rea1 Rb3 31. Kc2 Rab8 32. Rb1 Ra8 33. Rba1
Rab8 34. Rb1 Ra8 35. Ra3 Rxa3 36. bxa3 Ra7 37. Rb4 Kf6 38. c4 dxc4 39. Rxc4 Ke7
40. Rc5 Kd6 41. f4 Rb7 42. Ra5 Rb3 43. Rxa4 Re3 44. Kd1 h5 45. Kd2 Rb3 1/2-1/2

[Event "ENCI Limburg-open C"]
[Site "Maastricht"]
[Date "2011.06.12"]
[Round "4"]
[White "Mossin, Ivar Alexander"]
[Black "Mooren, Jo"]
[Result "1/2-1/2"]
[WhiteElo "1175"]
[BlackElo "1685"]
[PlyCount "90"]
[EventDate "2011.06.10"]
[EventType "swiss"]
[EventRounds "7"]
[EventCountry "NED"]
[Source "P.Boonen"]
[SourceDate "2012.01.01"]

1. e4 g6 2. d4 Bg7 3. Nc3 d6 4. Nf3 Nf6 5. Bd3 O-O 6. O-O Nbd7 7. h3 a6 8. a4
c5 9. d5 Qc7 10. Bf4 Ne8 11. Qc1 c4 12. Be2 f5 13. Bh6 fxe4 14. Nxe4 Nef6 15.
Bxg7 Kxg7 16. Nc3 Nb6 17. Qd2 Qc5 18. Rfd1 a5 19. Qd4 Qxd4 20. Rxd4 Bf5 21. Rc1
Rac8 22. Nd2 Bd7 23. Nxc4 Nxc4 24. Bxc4 Rf7 25. Bb5 Rcf8 26. Bxd7 Nxd7 27. Ne4
h6 28. f3 Rc8 29. c3 Ne5 30. Rb1 Nc4 31. b4 b6 32. Kf2 Rf4 33. Ke2 Rff8 34. Nd2
Nxd2 35. Kxd2 Rc7 36. bxa5 bxa5 37. Rb5 Rfc8 38. Rd3 Rc5 39. Rxc5 Rxc5 40. Kc2
Kf6 41. Kb3 Ke5 42. Re3+ Kf6 43. c4 Rc7 44. Re4 Rb7+ 45. Ka3 Rb4 1/2-1/2

[Event "ENCI Limburg-open C"]
[Site "Maastricht"]
[Date "2011.06.12"]
[Round "4"]
[White "Nissel, Andreas"]
[Black "Mathee, Jochen"]
[Result "0-1"]
[WhiteElo "1668"]
[BlackElo "1650"]
[PlyCount "90"]
[EventDate "2011.06.10"]
[EventType "swiss"]
[EventRounds "7"]
[EventCountry "NED"]
[Source "P.Boonen"]
[SourceDate "2012.01.01"]

1. d4 d5 2. e4 dxe4 3. Nc3 Nf6 4. f3 exf3 5. Qxf3 Nc6 6. Bb5 Bd7 7. Nge2 a6 8.
Bd3 Bg4 9. Qf2 Nb4 10. O-O Nxd3 11. cxd3 Bxe2 12. Nxe2 e6 13. Bg5 Be7 14. Ng3
O-O 15. Rae1 Nd5 16. Bxe7 Nxe7 17. Re4 Qd7 18. Nh5 f5 19. Qg3 Ng6 20. Re2 Qxd4+
21. Kh1 e5 22. h3 Rae8 23. Rc1 c6 24. Rc4 Qd5 25. Rh4 Qf7 26. Rc4 f4 27. Qg4
Qf5 28. Rce4 Qxg4 29. hxg4 Rf7 30. d4 Rfe7 31. dxe5 Rxe5 32. Rxe5 Rxe5 33. Nxf4
Rxe2 34. Nxe2 Kf7 35. Kg1 h6 36. Kf2 Kf6 37. Kg3 Ke5 38. Nc3 b5 39. Kf3 Kd4 40.
g3 Ne5+ 41. Kf4 Nd3+ 42. Kf5 Nxb2 43. Ne4 Nd3 44. Nd6 c5 45. Nf7 c4 0-1

[Event "ENCI Limburg-open C"]
[Site "Maastricht"]
[Date "2011.06.12"]
[Round "4"]
[White "Roemhild, Wolfgang"]
[Black "Oxener, Aldo"]
[Result "1-0"]
[WhiteElo "1696"]
[BlackElo "1465"]
[PlyCount "91"]
[EventDate "2011.06.10"]
[EventType "swiss"]
[EventRounds "7"]
[EventCountry "NED"]
[Source "P.Boonen"]
[SourceDate "2012.01.01"]

1. e4 d5 2. exd5 Qxd5 3. Nc3 Qd6 4. d4 Nf6 5. Bd3 a6 6. Nce2 b5 7. c3 Bb7 8. f3
e6 9. Bf4 Qb6 10. a4 b4 11. c4 c5 12. a5 Qd8 13. Be3 Nbd7 14. Nh3 Be7 15. O-O
O-O 16. Nhf4 cxd4 17. Bf2 e5 18. Nh3 Re8 19. Ng3 Qc7 20. Nf5 Bc5 21. Qd2 e4 22.
Qg5 g6 23. fxe4 Bxe4 24. Bg3 Qb7 25. Nh6+ Kg7 26. Bxe4 Rxe4 27. Nf4 Rf8 28.
Rae1 d3+ 29. Kh1 d2 30. Rd1 Be3 31. Nf5+ Kh8 32. Nxe3 Rxe3 33. Nxg6+ hxg6 34.
Qxe3 Re8 35. Qxd2 Re6 36. Bh4 Kg7 37. Qf4 Qc6 38. b3 Re2 39. Rf3 Re4 40. Qg3
Rg4 41. Qf2 Qe6 42. h3 Re4 43. Re1 Re2 44. Qd4 Re4 45. Bxf6+ Nxf6 46. Qxf6+ 1-0

[Event "ENCI Limburg-open C"]
[Site "Maastricht"]
[Date "2011.06.12"]
[Round "4"]
[White "Roesler, Manfred"]
[Black "Gundogmus, Alaetin"]
[Result "1-0"]
[WhiteElo "1599"]
[BlackElo "1552"]
[PlyCount "84"]
[EventDate "2011.06.10"]
[EventType "swiss"]
[EventRounds "7"]
[EventCountry "NED"]
[Source "P.Boonen"]
[SourceDate "2012.01.01"]

1. d4 Nf6 2. c4 c5 3. d5 d6 4. Nc3 g6 5. Nf3 Bg7 6. e4 Nbd7 7. Be2 O-O 8. O-O
Ne8 9. Qc2 a6 10. a4 Nc7 11. Rb1 Ne5 12. Bf4 Nxf3+ 13. Bxf3 Bd7 14. b3 f5 15.
Be3 b6 16. Ne2 Rb8 17. Qd2 fxe4 18. Bxe4 b5 19. axb5 axb5 20. Bh6 Bxh6 21. Qxh6
Bf5 22. Ng3 Bxe4 23. Nxe4 e5 24. f4 exf4 25. Rxf4 Rxf4 26. Qxf4 Ne8 27. Rf1 Qe7
28. Nxc5 Ng7 29. Ne4 Nh5 30. Qxd6 Qa7+ 31. c5 Re8 32. g3 Qg7 33. Nf6+ Nxf6 34.
Qxf6 Qc7 35. Qd4 Qd7 36. d6 Qe6 37. c6 Rf8 38. Rxf8+ Kxf8 39. d7 Qe1+ 40. Kg2
Qe2+ 41. Qf2+ Qxf2+ 42. Kxf2 Kf7 1-0

[Event "ENCI Limburg-open C"]
[Site "Maastricht"]
[Date "2011.06.12"]
[Round "4"]
[White "Scheeren, Wiel"]
[Black "Wagemakers, Rick"]
[Result "1/2-1/2"]
[WhiteElo "1625"]
[BlackElo "1606"]
[PlyCount "44"]
[EventDate "2011.06.10"]
[EventType "swiss"]
[EventRounds "7"]
[EventCountry "NED"]
[Source "P.Boonen"]
[SourceDate "2012.01.01"]

1. f4 d5 2. b3 Nf6 3. Bb2 Nbd7 4. Nf3 g6 5. e3 Bg7 6. Be2 O-O 7. O-O c5 8. Ne5
e6 9. Qe1 Qc7 10. Nxd7 Nxd7 11. Bxg7 Kxg7 12. d3 e5 13. Nc3 Qd6 14. Qg3 exf4
15. Rxf4 f5 16. Raf1 Nf6 17. h4 Bd7 18. h5 Rae8 19. Nd1 Qe5 20. Qg5 Qe7 21. Rh4
Ng8 22. Qxe7+ Nxe7 1/2-1/2

[Event "ENCI Limburg-open C"]
[Site "Maastricht"]
[Date "2011.06.12"]
[Round "4"]
[White "Schlepuetz, Volker"]
[Black "Van Velthoven, Paul"]
[Result "0-1"]
[WhiteElo "1396"]
[BlackElo "1524"]
[PlyCount "104"]
[EventDate "2011.06.10"]
[EventType "swiss"]
[EventRounds "7"]
[EventCountry "NED"]
[Source "P.Boonen"]
[SourceDate "2012.01.01"]

1. Nf3 d5 2. e3 c5 3. d4 Nc6 4. c4 Nf6 5. Nc3 Bg4 6. cxd5 Nxd5 7. Bb5 e6 8. Qa4
Bd6 9. Bxc6+ bxc6 10. Qxc6+ Ke7 11. Nxd5+ exd5 12. Qxd5 Qc8 13. O-O Rd8 14.
Qe4+ Qe6 15. Qxe6+ Bxe6 16. Ng5 Bc4 17. Re1 Bd3 18. dxc5 Bxc5 19. b3 Bb4 20.
Rd1 Kf6 21. Nxh7+ Bxh7 22. Rxd8 Rxd8 23. Bb2+ Kg6 24. Bd4 a6 25. Rc1 f6 26. Kf1
Kg5 27. Ke2 Be4 28. f3 Bf5 29. Rc7 Rd7 30. Rc4 a5 31. e4 Be6 32. Be3+ Kg6 33.
Rc2 Rd6 34. Bc5 Rc6 35. Bxb4 Rxc2+ 36. Kd3 Rxa2 37. Bd2 Bxb3 38. g4 Be6 39. h4
Ra3+ 40. Bc3 a4 41. Kc2 Rb3 42. h5+ Kg5 43. e5 f5 44. gxf5 Kxf5 45. f4 Kxf4 46.
Bd2+ Kxe5 47. h6 gxh6 48. Bxh6 Bf5+ 49. Kc1 a3 50. Bg7+ Kd5 51. Kd2 a2 52. Ba1
Rb1 0-1

[Event "ENCI Limburg-open C"]
[Site "Maastricht"]
[Date "2011.06.12"]
[Round "4"]
[White "Schrader, Bernd"]
[Black "Schoffelen, Jan"]
[Result "0-1"]
[WhiteElo "1372"]
[BlackElo "1345"]
[PlyCount "86"]
[EventDate "2011.06.10"]
[EventType "swiss"]
[EventRounds "7"]
[EventCountry "NED"]
[Source "P.Boonen"]
[SourceDate "2012.01.01"]

1. e4 e5 2. Nf3 Nf6 3. Nc3 Bb4 4. d3 d6 5. a3 Bxc3+ 6. bxc3 Be6 7. d4 exd4 8.
cxd4 Nxe4 9. Bd3 Nf6 10. Bg5 O-O 11. c4 c6 12. Qc2 Nbd7 13. Bxh7+ Kh8 14. O-O
Bg4 15. Bf5 Bxf3 16. gxf3 Qa5 17. Kh1 Rg8 18. Rg1 g6 19. Bxf6+ Nxf6 20. Bxg6
fxg6 21. Rxg6 Rxg6 22. Qxg6 Nh7 23. Rg1 Qc7 24. f4 Rf8 25. f5 c5 26. d5 Qf7 27.
h4 Nf6 28. Qh6+ Nh7 29. h5 Qf6 30. Rg6 Qh4+ 31. Kg1 Rg8 32. Rxg8+ Kxg8 33. Qg6+
Kh8 34. h6 Qg5+ 35. Qxg5 Nxg5 36. Kg2 Kh7 37. Kg3 Kxh6 38. Kg4 Nf7 39. f4 a6
40. Kf3 Kh5 41. a4 Kh4 42. a5 Kh3 43. f6 Kh4 {.....} 0-1

[Event "ENCI Limburg-open C"]
[Site "Maastricht"]
[Date "2011.06.12"]
[Round "4"]
[White "Snoeks, Marnicq"]
[Black "Van Ginneken, Jeroen"]
[Result "1/2-1/2"]
[WhiteElo "1387"]
[BlackElo "1682"]
[PlyCount "41"]
[EventDate "2011.06.10"]
[EventType "swiss"]
[EventRounds "7"]
[EventCountry "NED"]
[Source "P.Boonen"]
[SourceDate "2012.01.01"]

1. e4 e5 2. Nf3 f5 3. exf5 e4 4. Qe2 Qe7 5. Nd4 Nf6 6. Nc3 d5 7. d3 c5 8. Ne6
Bxe6 9. fxe6 exd3 10. cxd3 Nc6 11. Bg5 O-O-O 12. O-O-O Nd4 13. Qe5 Qxe6 14.
Qxe6+ Nxe6 15. Bxf6 gxf6 16. g3 Kb8 17. Bg2 Nc7 18. Rde1 d4 19. Ne4 Nd5 20. a3
b6 21. Nd2 1/2-1/2

[Event "ENCI Limburg-open C"]
[Site "Maastricht"]
[Date "2011.06.12"]
[Round "4"]
[White "Tangelder, Yonne"]
[Black "Wuijts, Johan"]
[Result "0-1"]
[WhiteElo "1595"]
[BlackElo "1693"]
[PlyCount "58"]
[EventDate "2011.06.10"]
[EventType "swiss"]
[EventRounds "7"]
[EventCountry "NED"]
[Source "P.Boonen"]
[SourceDate "2012.01.01"]

1. e4 e6 2. d4 d5 3. e5 c5 4. c3 Nc6 5. Nf3 Bd7 6. Bd3 cxd4 7. cxd4 Qb6 8. Nc3
Nxd4 9. Nxd4 Qxd4 10. Qe2 a6 11. O-O Ne7 12. Kh1 Nc6 13. f4 g6 14. Be3 Qb4 15.
a3 Qe7 16. Qf2 Rd8 17. Bb6 Rc8 18. Rac1 Nb8 19. b4 Nc6 20. b5 Nb8 21. Na4 Rxc1
22. Rxc1 Qxa3 23. Qc2 Be7 24. Nc5 O-O 25. Qd2 Rc8 26. Qc3 Qxc3 27. Rxc3 Bxb5
28. Bxb5 axb5 29. Rc1 Nd7 0-1

[Event "ENCI Limburg-open C"]
[Site "Maastricht"]
[Date "2011.06.12"]
[Round "4"]
[White "Toniolatti, Alessio"]
[Black "Barbaric, Marco"]
[Result "0-1"]
[WhiteElo "1139"]
[BlackElo "1406"]
[PlyCount "60"]
[EventDate "2011.06.10"]
[EventType "swiss"]
[EventRounds "7"]
[EventCountry "NED"]
[Source "P.Boonen"]
[SourceDate "2012.01.01"]

1. e4 e5 2. Nf3 Nc6 3. Bc4 Bc5 4. Nc3 Nf6 5. d3 h6 6. Nd5 d6 7. c3 Bg4 8. Qb3
Rb8 9. Nxf6+ Qxf6 10. Qd1 O-O 11. b4 Bb6 12. a4 a5 13. b5 Ne7 14. h3 Bh5 15.
O-O Rbd8 16. Re1 d5 17. exd5 Nxd5 18. Bxd5 Rxd5 19. c4 Rd7 20. Rxe5 Bxf3 21.
Qxf3 Qxe5 22. Ra2 Qe1+ 23. Kh2 Qxc1 24. Qxb7 Rxd3 25. c5 Qxc5 26. Qe4 Qd6+ 27.
g3 Rd2 28. Ra3 Rxf2+ 29. Kg1 Qd1+ 30. Qe1 Qxe1# 0-1

[Event "ENCI Limburg-open C"]
[Site "Maastricht"]
[Date "2011.06.12"]
[Round "4"]
[White "Ulburghs, Piet"]
[Black "Huzen, Maron"]
[Result "1-0"]
[WhiteElo "1697"]
[BlackElo "1387"]
[PlyCount "119"]
[EventDate "2011.06.10"]
[EventType "swiss"]
[EventRounds "7"]
[EventCountry "NED"]
[Source "P.Boonen"]
[SourceDate "2012.01.01"]

1. c4 e5 2. g3 d5 3. cxd5 Qxd5 4. Nf3 e4 5. Nc3 Qc6 6. Nd4 Qf6 7. Ndb5 Qb6 8.
Qa4 Bd7 9. Qxe4+ Ne7 10. Nd5 Qa5 11. Nbxc7+ Kd8 12. Bg2 Nxd5 13. Nxd5 Bc6 14.
Qd4 Nd7 15. O-O f6 16. b4 Qb5 17. d3 Bd6 18. a4 Qa6 19. Bf4 Bxd5 20. Bxd6 Qxd6
21. Bxd5 Nb6 22. e4 Nd7 23. Rfc1 Ne5 24. Qc3 Qd7 25. d4 Rc8 26. Qxc8+ Qxc8 27.
Rxc8+ Kxc8 28. dxe5 fxe5 29. Rc1+ Kb8 30. Kg2 Rf8 31. f3 Rf6 32. b5 a6 33. Rc5
Rd6 34. Bg8 Rd2+ 35. Kh3 Rd8 36. Bxh7 Rh8 37. b6 Rxh7+ 38. Kg4 Rh6 39. a5 Rg6+
40. Kf5 Rf6+ 41. Kxe5 Rxf3 42. Rd5 Rf8 43. Rd7 Re8+ 44. Kf4 Kc8 45. Rxg7 Rf8+
46. Kg5 Re8 47. Rc7+ Kd8 48. Rf7 Kc8 49. Kf5 Rh8 50. h4 Rh5+ 51. Ke6 Rh8 52. e5
Re8+ 53. Kd6 Rd8+ 54. Kc5 Re8 55. Rc7+ Kb8 56. Kd6 Rd8+ 57. Rd7 Rg8 58. e6 Rc8
59. e7 Rc6+ 60. Kd5 1-0

[Event "ENCI Limburg-open C"]
[Site "Maastricht"]
[Date "2011.06.12"]
[Round "4"]
[White "Van Broekhoven, Stefan"]
[Black "De Ridder, Gertie"]
[Result "1/2-1/2"]
[WhiteElo "1415"]
[BlackElo "1020"]
[PlyCount "63"]
[EventDate "2011.06.10"]
[EventType "swiss"]
[EventRounds "7"]
[EventCountry "NED"]
[Source "P.Boonen"]
[SourceDate "2012.01.01"]

1. e4 e5 2. Bc4 Nf6 3. d3 Nc6 4. Nc3 Bb4 5. Nge2 d5 6. exd5 Nxd5 7. Bxd5 Qxd5
8. O-O Bxc3 9. Nxc3 Qd8 10. Re1 O-O 11. Ne4 f6 12. Be3 f5 13. Nc3 f4 14. Bd2
Nd4 15. Rxe5 Qh4 16. Rh5 Qe7 17. Nd5 Qe2 18. Nxf4 Qxd1+ 19. Rxd1 Bg4 20. Rd5
Bxd1 21. Rxd4 Bxc2 22. Rd7 Rf7 23. Rd4 Re8 24. h4 c5 25. Rd5 b6 26. g3 Bb1 27.
a3 Ba2 28. Rd6 Rf6 29. Rd7 Rf7 30. Rd6 b5 31. Bc3 c4 32. d4 1/2-1/2

[Event "ENCI Limburg-open C"]
[Site "Maastricht"]
[Date "2011.06.12"]
[Round "4"]
[White "Van Ginneken, Maikel"]
[Black "Giesen, Janneke"]
[Result "1-0"]
[WhiteElo "1337"]
[BlackElo "1268"]
[PlyCount "85"]
[EventDate "2011.06.10"]
[EventType "swiss"]
[EventRounds "7"]
[EventCountry "NED"]
[Source "P.Boonen"]
[SourceDate "2012.01.01"]

1. d4 d5 2. c4 e6 3. Nf3 Nf6 4. Nc3 Nbd7 5. Bf4 a6 6. e3 Be7 7. Qb3 O-O 8. cxd5
Nb6 9. dxe6 Bxe6 10. Qc2 Nbd5 11. Nxd5 Nxd5 12. Bg3 Rc8 13. Bd3 Bb4+ 14. Nd2
Bxd2+ 15. Qxd2 Nf6 16. O-O c5 17. dxc5 Rxc5 18. Rad1 Rd5 19. Qc2 Qc8 20. Qxc8
Rxc8 21. Bh4 Ng4 22. Be4 Rxd1 23. Rxd1 b5 24. Bb7 Rb8 25. Bxa6 f6 26. b3 Kf7
27. Rc1 Ne5 28. Bg3 Bd7 29. Bxe5 fxe5 30. Rc7 Ke6 31. h3 Kd6 32. Ra7 Rb6 33.
Bb7 Kc5 34. Be4 Rd6 35. a4 h6 36. axb5 Kxb5 37. Rb7+ Kc5 38. b4+ Kc4 39. b5
Bxb5 40. Rxg7 Rd1+ 41. Kh2 Rd2 42. Kg3 Rd6 43. Re7 1-0

[Event "ENCI Limburg-open C"]
[Site "Maastricht"]
[Date "2011.06.12"]
[Round "4"]
[White "Van Meegen, Judith"]
[Black "Uiterwijk, Jos"]
[Result "0-1"]
[WhiteElo "1484"]
[BlackElo "1598"]
[PlyCount "76"]
[EventDate "2011.06.10"]
[EventType "swiss"]
[EventRounds "7"]
[EventCountry "NED"]
[Source "P.Boonen"]
[SourceDate "2012.01.01"]

1. e4 c5 2. Nf3 g6 3. d4 cxd4 4. Nxd4 Bg7 5. Be3 Nf6 6. Nc3 O-O 7. Bc4 a6 8. f3
Nc6 9. Nb3 Ne5 10. Be2 d6 11. Qd2 Be6 12. Nd4 Bc4 13. O-O-O Bxe2 14. Qxe2 Rc8
15. g4 Nc4 16. Bf2 Bh6+ 17. Kb1 Bf4 18. h4 b5 19. g5 Nh5 20. Nb3 e6 21. Rhg1
Qc7 22. Rg2 Nxb2 23. Kxb2 Qxc3+ 24. Kb1 Be5 25. Bd4 Bxd4 26. Rxd4 Nf4 27. Qd2
Nxg2 28. Qxg2 Rc6 29. f4 Rfc8 30. Rd2 a5 31. Nd4 Qb4+ 32. Kc1 Rc4 33. Ne2 Rxe4
34. Qh3 Qc4 35. f5 Rxe2 36. Rxe2 Qxe2 37. Qb3 Qe1+ 38. Kb2 Qb4 0-1

[Event "ENCI Limburg-open C"]
[Site "Maastricht"]
[Date "2011.06.12"]
[Round "4"]
[White "Van der Wouw, Paul"]
[Black "Van der Werff, Silvia"]
[Result "1/2-1/2"]
[WhiteElo "1538"]
[BlackElo "1416"]
[PlyCount "63"]
[EventDate "2011.06.10"]
[EventType "swiss"]
[EventRounds "7"]
[EventCountry "NED"]
[Source "P.Boonen"]
[SourceDate "2012.01.01"]

1. Nc3 d5 2. e4 dxe4 3. Nxe4 Bf5 4. Ng3 Bg6 5. d4 Nf6 6. Nf3 h6 7. Bd3 Bxd3 8.
Qxd3 Nc6 9. c4 e6 10. O-O Be7 11. a3 O-O 12. b4 a6 13. Bb2 Bd6 14. Rfe1 Re8 15.
Qc3 b6 16. Rad1 Qc8 17. Qc2 Bf8 18. d5 exd5 19. Bxf6 gxf6 20. Rxd5 Rxe1+ 21.
Nxe1 Qe6 22. Kf1 Re8 23. Nf3 b5 24. Rd1 Qxc4+ 25. Qxc4 bxc4 26. Rc1 Ne5 27.
Nxe5 fxe5 28. Rxc4 Bd6 29. Ne4 Be7 30. f3 f5 31. Ng3 Bd6 32. Rc3 1/2-1/2

[Event "ENCI Limburg-open C"]
[Site "Maastricht"]
[Date "2011.06.12"]
[Round "4"]
[White "Vossen, Patrick"]
[Black "Memeti, Memet"]
[Result "1/2-1/2"]
[WhiteElo "1310"]
[BlackElo "1464"]
[PlyCount "92"]
[EventDate "2011.06.10"]
[EventType "swiss"]
[EventRounds "7"]
[EventCountry "NED"]
[Source "P.Boonen"]
[SourceDate "2012.01.01"]

1. d4 g6 2. Nf3 Bg7 3. e3 d6 4. Bd3 c6 5. Nbd2 Nf6 6. O-O O-O 7. Re1 Nbd7 8. c3
b5 9. e4 e5 10. Nb3 exd4 11. Nfxd4 Ne5 12. Bf4 Nfd7 13. Bc2 Bb7 14. Qd2 Nc4 15.
Qc1 a6 16. Nd2 Nxd2 17. Qxd2 Ne5 18. Bb3 c5 19. Bxe5 dxe5 20. Nf3 Qxd2 21. Nxd2
Rad8 22. Rad1 Rd6 23. Nf3 Rxd1 24. Bxd1 Rd8 25. Bc2 f6 26. Kf1 Kf7 27. Ke2 Ke6
28. Rd1 Rxd1 29. Kxd1 f5 30. exf5+ gxf5 31. Nh4 e4 32. g3 Bf6 33. Ng2 Ke5 34.
h4 Bd5 35. a3 Bf7 36. Kd2 Bg7 37. Bd1 a5 38. Be2 b4 39. c4 Kd6 40. axb4 axb4
41. b3 Bc3+ 42. Kd1 Ke5 43. Kc2 Bd4 44. Ne3 h5 45. Kd2 Bg6 46. Bd1 f4 1/2-1/2

[Event "ENCI Limburg-open C"]
[Site "Maastricht"]
[Date "2011.06.12"]
[Round "4"]
[White "Weerts, Rene"]
[Black "Johnson, Mark1"]
[Result "1/2-1/2"]
[WhiteElo "1651"]
[BlackElo "1138"]
[PlyCount "165"]
[EventDate "2011.06.10"]
[EventType "swiss"]
[EventRounds "7"]
[EventCountry "NED"]
[Source "P.Boonen"]
[SourceDate "2012.01.01"]

1. d4 d5 2. Nf3 c6 3. Bf4 Nf6 4. c3 e6 5. Nbd2 Be7 6. e3 Nbd7 7. Bd3 c5 8. O-O
c4 9. Bc2 O-O 10. e4 b5 11. Ne5 Bb7 12. Nxd7 Nxd7 13. e5 f6 14. Qh5 f5 15. Nf3
Qe8 16. Qh3 Qg6 17. Rfe1 Qg4 18. Qg3 Qxg3 19. hxg3 Rf7 20. Bg5 g6 21. a4 Bc6
22. axb5 Bxb5 23. Ra5 a6 24. Rea1 Nb6 25. b3 Kg7 26. bxc4 Bxc4 27. Bf6+ Bxf6
28. exf6+ Kxf6 29. Ne5 Rfa7 30. Bd3 Bxd3 31. Nxd3 Nc4 32. Rc5 a5 33. Nf4 g5 34.
Nd3 Rb8 35. Rc6 Rb6 36. Rxb6 Nxb6 37. Nc5 a4 38. Ra3 h6 39. f3 f4 40. g4 e5 41.
Kf2 exd4 42. cxd4 Ke7 43. g3 Kd6 44. gxf4 gxf4 45. Kg2 Ke7 46. Kh3 Kf7 47. Kh4
Kg6 48. Ne6 Rf7 49. g5 hxg5+ 50. Nxg5 Rf5 51. Nh3 Nd7 52. Rxa4 Nf6 53. Nxf4+
Rxf4+ 54. Kg3 Nh5+ 55. Kf2 Kg5 56. Ke3 Ng3 57. Ra8 Nf5+ 58. Kf2 Rxd4 59. Rg8+
Kf4 60. Rg4+ Ke5 61. Rg8 Rd3 62. Ke2 Re3+ 63. Kf2 Kd4 64. Rf8 Nd6 65. Rf4+ Kd3
66. Rf6 Nc4 67. f4 Re2+ 68. Kg3 d4 69. f5 Ne3 70. Rf8 Nxf5+ 71. Rxf5 Re3+ 72.
Kf2 Re2+ 73. Kf1 Kd2 74. Rf8 Re1+ 75. Kf2 d3 76. Rc8 Rc1 77. Ra8 Rc2 78. Kf3
Rc3 79. Rd8 Kc2 80. Rd7 d2+ 81. Ke2 d1=Q+ 82. Rxd1 Kb2 83. Kd2 1/2-1/2

[Event "ENCI Limburg-open C"]
[Site "Maastricht"]
[Date "2011.06.12"]
[Round "4"]
[White "Welling, Sophie"]
[Black "Veelenturf, Wim"]
[Result "1/2-1/2"]
[WhiteElo "1567"]
[BlackElo "1697"]
[PlyCount "41"]
[EventDate "2011.06.10"]
[EventType "swiss"]
[EventRounds "7"]
[EventCountry "NED"]
[Source "P.Boonen"]
[SourceDate "2012.01.01"]

1. d4 d6 2. c4 e5 3. dxe5 dxe5 4. Qxd8+ Kxd8 5. Nc3 Be6 6. b3 c6 7. e3 Nd7 8.
Nf3 f6 9. Be2 Ne7 10. Bb2 Kc7 11. O-O g5 12. Rfd1 Ng6 13. Rac1 Be7 14. Nd5+ Kd8
15. Nxe7 Kxe7 16. c5 Rhd8 17. Nd2 f5 18. a3 Nf6 19. Nc4 Rxd1+ 20. Rxd1 Bxc4 21.
Bxc4 1/2-1/2

[Event "ENCI Limburg-open C"]
[Site "Maastricht"]
[Date "2011.06.12"]
[Round "5"]
[White "Barbaric, Marco"]
[Black "Tangelder, Yonne"]
[Result "0-1"]
[WhiteElo "1406"]
[BlackElo "1595"]
[PlyCount "134"]
[EventDate "2011.06.10"]
[EventType "swiss"]
[EventRounds "7"]
[EventCountry "NED"]
[Source "P.Boonen"]
[SourceDate "2012.01.01"]

1. e4 e5 2. Nf3 Nc6 3. Bc4 Bc5 4. Nc3 d6 5. d3 h6 6. h3 Be6 7. Bb3 Nge7 8. O-O
O-O 9. Be3 Bb6 10. Qd2 Bxe3 11. fxe3 d5 12. exd5 Nxd5 13. e4 Nf4 14. Kh2 Bxb3
15. axb3 Qd6 16. Nb5 Qe7 17. Qe3 a6 18. Nc3 Qd6 19. Rf2 Ne6 20. Nh4 Ned4 21.
Nd5 f5 22. exf5 Qxd5 23. Raf1 Rf6 24. Ng6 Qd6 25. Nh4 e4+ 26. Kh1 exd3 27. Qxd3
Raf8 28. Qc4+ Kh7 29. c3 Ne6 30. Qg4 Ng5 31. Ng6 Re8 32. h4 Ne4 33. Rf4 Ne5 34.
Nxe5 Qxe5 35. h5 Ng5 36. b4 Qe2 37. Qh4 Qxb2 38. Rc4 c6 39. Re1 Re2 40. Rxe2
Qxe2 41. Rd4 Rxf5 42. Rf4 Qd1+ 43. Kh2 Qd6 44. g3 Rxf4 45. Qxf4 Qxf4 46. gxf4
Ne4 47. c4 Nd2 48. c5 Nb3 49. Kg3 a5 50. bxa5 Nxc5 51. Kf3 Nb3 52. a6 bxa6 53.
Ke3 g6 54. hxg6+ Kxg6 55. Ke4 Kf6 56. Kd3 h5 57. Kc4 h4 58. Kxb3 h3 59. Ka4 h2
60. f5 h1=Q 61. Ka5 Qd5+ 62. Kxa6 Qb5+ 63. Ka7 Kxf5 64. Ka8 Ke6 65. Ka7 Kd7 66.
Ka8 Kc7 67. Ka7 Qa5# 0-1